| 000 | 00000nam##2200000za#4500 |
| 001 | 9.581426 |
| 003 | CaOODSP |
| 005 | 20240212102544 |
| 007 | cr ||||||||||| |
| 008 | 150406|2015||||xxc|||||o f|0| 0 eng|d |
| 020 | |a978-1-100-25571-2 |
| 022 | |a1707-1739 |
| 040 | |aCaOODSP|beng |
| 043 | |an-cn--- |
| 086 | 1 |aCS13-604/77E-PDF |
| 245 | 00|aConstructing provincial time series : |h[electronic resource]|ba discussion of data sources and methods / |cby Ryan Macdonald. |
| 260 | |aOttawa - Ontario : |bStatistics Canada |cRelease date: February 12, 2015. |
| 300 | |a9p.|breferences, table |
| 490 | 1 |aIncome and expenditure accounts technical series|x1707-1739|vNo. 77 |
| 590 | |a15-07|b2015-02-13 |
| 710 | 2 |aStatistics Canada. |
| 775 | 08|tProduction de séries chronologiques provinciales : |w(CaOODSP)9.608256 |
| 830 | #0|aIncome and expenditure accounts technical series (Statistics Canada)|x1707-1739|vNo. 77|w(CaOODSP)9.504709 |
| 856 | 40|ahttp://publications.gc.ca|qPDF|s226 KB|uhttps://publications.gc.ca/collections/collection_2015/statcan/13-604-m/13-604-m2015077-eng.pdf|yNo. 77 |